000
00340nam a22001457a 4500
008
211019b ||||| |||| 00| 0 eng d
020
_a
9780810970854
041
_a
eng
080
_a
574
082
_a
574
100
_a
10
101
_a
MJE
245
_a
World Changing a User's Guide for the 21st Century
_c
Steffen,A
942
_2
udc
_c
BK
999
_c
58272
_d
58272